Try to guess all Pokémon in my collection - Statistics

General Stats
  • This quiz has been taken 7 times
    6 since last reset
  • The average score is 29 of 197
Answer Stats
Pokémon % Correct
Pikachu
83%
Charmander
50%
Eevee
33%
Meowth
33%
Mewtwo
33%
Mewtwo EX
33%
Rattata
33%
Araquanid
17%
Arcanine
17%
Ariados
17%
Beldum
17%
Bisharp
17%
Bouffalant
17%
Braixen
17%
Charjabug
17%
Chinchou
17%
Clefairy
17%
Decidueye
17%
Delibird
17%
Diggersby
17%
Diglett
17%
Doduo
17%
Dratini
17%
Drowzee
17%
Druddigon
17%
Fletchling
17%
Florges
17%
Garchomp
17%
Gastly
17%
Giratina
17%
Glalie
17%
Gloom
17%
Golduck
17%
Golurk
17%
Gothita
17%
Grimer
17%
Growlithe
17%
Grubbin
17%
Haunter
17%
Horsea
17%
Inkay
17%
Jangmo-o
17%
Lanturn
17%
Latias
17%
Leafeon
17%
Ledyba
17%
Machoke
17%
Machop
17%
Magikarp
17%
Magnemite
17%
Magnezone
17%
Mamoswine
17%
Mankey
17%
Marill
17%
Mismagius
17%
Morelull
17%
Mudbray
17%
Mudkip
17%
Murkrow
17%
Nidoking
17%
Nidoran♂
17%
Octillery
17%
Oddish
17%
Onix
17%
Pawniard
17%
Petilil
17%
Piloswine
17%
Piplup
17%
Poliwag
17%
Ponyta
17%
Porygon
17%
Porygon2
17%
Raticate
17%
Rockruff
17%
Roggenrola
17%
Rufflet
17%
Salandit
17%
Sandshrew
17%
Scatterbug
17%
Seismitoad
17%
Shellos
17%
Skitty
17%
Slowbro EX
17%
Slowpoke
17%
Snorlax
17%
Snover
17%
Spewpa
17%
Staraptor
17%
Staryu
17%
Swablu
17%
Swampert
17%
Tangela
17%
Togedemaru
17%
Togetic
17%
Trapinch
17%
Treecko
17%
Turtonator
17%
Vespiquen
17%
Vikavolt GX
17%
Volcanion
17%
Voltorb
17%
Vulpix
17%
Wailord
17%
Watchog
17%
Wimpod
17%
Yamask
17%
Zapdos
17%
Alolan Grimer
0%
Alolan Meowth
0%
Alolan Raticate
0%
Alolan Rattata
0%
Alolan Sandshrew
0%
Alolan Vulpix
0%
Beedrill
0%
Binacle
0%
Cacnea
0%
Caterpie
0%
Cutiefly
0%
Dedenne
0%
Electabuzz
0%
Exeggcute
0%
Fearow
0%
Helioptile
0%
Hippopotas
0%
Imakuni?'s Doduo
0%
Kakuna
0%
Magmar
0%
Metapod
0%
Mr. Mime
0%
Nosepass
0%
Panpour
0%
Pansear
0%
Paras
0%
Pelipper
0%
Pidgey
0%
Seel
0%
Spearow
0%
Stufful
0%
Taillow
0%
Trumbeak
0%
Weedle
0%
Whismur
0%
Wishiwashi
0%
No matching quizzes found
Score Distribution
Percent of People with Each Score
Percentile by Number Answered
Your Score History
You have not taken this quiz since the last reset